| 000 | 00345nam a2200121Ia 4500 | ||
|---|---|---|---|
| 008 | 150202s9999 xx 000 0 und d | ||
| 050 |
_aFIC _bFIC |
||
| 100 | _aDietrich, Noah. | ||
| 245 |
_aHoward : _bthe amazing Mr. Hughes / _cNoah Dietrich |
||
| 260 |
_aUSA : _bGold Medal Books, _c1976. |
||
| 300 |
_a318 pages : _c18 cm. |
||
| 650 | _aFiction. | ||
| 999 |
_c281993 _d281993 |
||